00639nam a22002297a 450000500170000001000130001702000220003003500130005203700160006504000120008108200180009324501020011124600060021326000330021927000430025230000200029550000190031565000210033465000150035570000200037070000190039020170124110000.0 aA-472919 c00.00a8185318530 aA-472919 bCen Lib/Ret aDPLbEN a364.1524bRAJ aRajiv Gandhi's assassination :cedited by K.L. Chanchreek [nad] Saroj Prasadbblow to democracy / b  bH.K. Publishersc1991aDelhi b DelhiaA-1/11 Shakti Nagar Extention  a259p.c20cm(Hb) aIncludes index aSocial problems  aBiography  aChachreek, K.L. aPrasad, Saroj